| 000 | 00399nam a2200157 4500 | ||
|---|---|---|---|
| 001 | 139084 | ||
| 003 | ES-MaACL | ||
| 005 | 20230906195711.0 | ||
| 007 | t| | ||
| 008 | 070214s1969 sp r ||||1| baq d | ||
| 100 | 1 |
_aSarasola, Ibon. _9103768 |
|
| 245 | 1 | 0 |
_aPoemagintza / _cIbon Sarasola. |
| 260 |
_aZarauz : _bSur, _c1969. |
||
| 300 |
_a127 p. ; _c18 cm. |
||
| 852 |
_aES-MaACL _jC-51520 _bR.72251 |
||
| 999 |
_c139084 _d139084 |
||